[Event "RUS-CHN Match w Blitz"]
[Site "Sochi RUS"]
[Date "2009.08.23"]
[Round "1"]
[White "Kosintseva,T"]
[Black "Zhao Xue"]
[Result "0-1"]
[WhiteElo "2539"]
[BlackElo "2544"]
[EventDate "2009.08.23"]

1. e4 Nf6 2. e5 Nd5 3. d4 d6 4. Nf3 dxe5 5. Nxe5 c6 6. Be2 Nd7 7. Nf3 N7f6
8. c4 Nb6 9. Nc3 Bg4 10. b3 e6 11. O-O Be7 12. Be3 O-O 13. Ne5 Bxe2 14.
Qxe2 Qc7 15. Bf4 Qc8 16. Rad1 Rd8 17. a3 a5 18. a4 Bb4 19. Ne4 Nxe4 20.
Qxe4 Nd7 21. c5 Nf6 22. Qf3 Nd5 23. Nc4 b6 24. Bd6 Qb7 25. Rd3 Re8 26. Qg4
f6 27. h4 bxc5 28. dxc5 e5 29. Rfd1 Qc8 30. Qg3 Qe6 31. Nb6 Rac8 32. Nxc8
Rxc8 33. h5 Re8 34. h6 g6 35. Qh4 e4 36. Rd4 e3 37. fxe3 Nxe3 38. Qg3 Nf5
39. Qf4 g5 40. Qf2 Nxd4 41. Qxd4 Qxb3 42. Rf1 Bc3 43. Qd3 Qb4 44. Qf5 Qd4+
45. Kh2 Qh4+ 46. Qh3 Qxh3+ 47. Kxh3 Kf7 48. Rb1 Bb4 49. Rb3 Kg6 50. g4 Kxh6
51. Rf3 Kg6 52. Kg3 Re6 53. Rd3 h5 54. gxh5+ Kxh5 55. Rd4 Kg6 56. Kf3 Bc3
57. Rd3 Bb4 58. Rb3 Re1 59. Rb2 Rc1 60. Re2 Bxc5 61. Bc7 Bb4 62. Re6 Kf5
63. Re8 Ra1 64. Ra8 Rxa4 65. Bb6 Ra3+ 0-1

[Event "RUS-CHN Match w Blitz"]
[Site "Sochi RUS"]
[Date "2009.08.23"]
[Round "1"]
[White "Gunina,V"]
[Black "Xu Yuhua"]
[Result "1-0"]
[WhiteElo "2437"]
[BlackElo "2485"]
[EventDate "2009.08.23"]

1. d4 e6 2. Nf3 Nf6 3. Bg5 c5 4. e3 h6 5. Bh4 Be7 6. c3 b6 7. Nbd2 Bb7 8.
Bd3 cxd4 9. exd4 d6 10. O-O O-O 11. Re1 Nbd7 12. Rc1 Rc8 13. Qa4 a6 14. Qb3
Nd5 15. Bg3 Qc7 16. Bb1 N5f6 17. c4 Qb8 18. h3 Rfe8 19. Qd3 Qa8 20. b3 Bc6
21. Bh4 b5 22. g4 Nf8 23. Bg3 bxc4 24. bxc4 N6h7 25. Ne4 Rcd8 26. Nfd2 d5
27. cxd5 Bxd5 28. Rc7 Rc8 29. Rec1 Rxc7 30. Rxc7 Ng5 31. Nxg5 Bxg5 32. Ne4
Bd8 33. Rc1 Bb6 34. Nd6 Rd8 35. Kh2 Qa7 36. Nc8 Qb7 37. Nd6 Qa7 38. Be5 Qe7
39. Nc8 Qb7 40. Nd6 Qe7 41. Nc8 Qb7 42. Nxb6 Qxb6 43. Rc7 Qb2 44. Qc2 Qb4
45. Qc1 Rd7 46. Rc8 g6 47. Qxh6 f6 48. Qxg6+ Rg7 49. Qxf6 Rh7 1-0

[Event "RUS-CHN Match w Blitz"]
[Site "Sochi RUS"]
[Date "2009.08.23"]
[Round "1"]
[White "Ju Wenjun"]
[Black "Kosintseva,N"]
[Result "1/2-1/2"]
[WhiteElo "2443"]
[BlackElo "2482"]
[EventDate "2009.08.23"]

1. Nf3 Nf6 2. g3 d5 3. Bg2 e6 4. O-O Be7 5. c4 O-O 6. b3 c5 7. Bb2 Nc6 8.
cxd5 Nxd5 9. Nc3 Nxc3 10. Bxc3 Bf6 11. Rc1 Bxc3 12. Rxc3 Qd6 13. Ng5 f5 14.
Bxc6 Qxc6 15. d4 b6 16. dxc5 Bb7 17. f3 bxc5 18. Qc2 Rac8 19. Rc1 h6 20.
Nh3 Qb6 21. Nf2 Ba6 22. Kg2 Rfd8 23. Nd3 Bxd3 24. Rxd3 Rxd3 25. Qxd3 Rd8
26. Qe3 Rd5 27. Rc2 Qd6 28. Qc3 Kh7 29. Qe3 e5 30. Qc3 e4 31. fxe4 fxe4 32.
Qc4 Qe5 33. Qc3 Qd4 34. Qc4 h5 35. Rc1 h4 36. Qxd4 cxd4 37. gxh4 a5 38. Kg3
Kh6 39. Kf4 Rh5 40. Kxe4 Rxh4+ 41. Kd3 Rxh2 42. Rc6+ g6 43. Rc5 a4 44. bxa4
Rh3+ 45. Kxd4 Ra3 46. a5 1/2-1/2

[Event "RUS-CHN Match w Blitz"]
[Site "Sochi RUS"]
[Date "2009.08.23"]
[Round "2"]
[White "Kosintseva,N"]
[Black "Zhao Xue"]
[Result "0-1"]
[WhiteElo "2482"]
[BlackElo "2544"]
[EventDate "2009.08.23"]

1. e4 e5 2. Nf3 Nc6 3. Bb5 a6 4. Ba4 Nf6 5. O-O Be7 6. Re1 b5 7. Bb3 d6 8.
c3 O-O 9. h3 Nb8 10. d4 Nbd7 11. Nbd2 Bb7 12. Bc2 c5 13. d5 c4 14. b3 cxb3
15. axb3 Qc7 16. Bb2 Nc5 17. b4 Ncd7 18. Nb3 Nb6 19. Na5 Nc4 20. Nxc4 Qxc4
21. Bd3 Qc7 22. Rc1 Nd7 23. Qe2 Nb6 24. Nd2 Bg5 25. Rc2 Rfc8 26. Nb3 Qd7
27. Na5 Bd8 28. Bc1 Na4 29. Nxb7 Qxb7 30. Bd2 Nb6 31. f4 Nc4 32. Bxc4 Rxc4
33. fxe5 dxe5 34. Qf3 Be7 35. Rcc1 Bd6 36. Rf1 Rac8 37. Rce1 Qd7 38. Kh1
Ra8 39. Ra1 Bc7 40. Ra2 a5 41. bxa5 Rxa5 42. Rxa5 Bxa5 43. Ra1 Ra4 44. Rb1
Rc4 45. Ra1 Ra4 46. Rb1 h6 47. Be1 Kh7 48. Qd3 Rc4 49. d6 Bb6 50. Rd1 f6
51. Qd5 Rc5 52. Qd3 Rc8 53. Qf3 Rd8 54. Bf2 Ba5 55. Bc5 Qe6 56. Qd3 Qc4 57.
Bb4 Bxb4 58. Qxc4 bxc4 59. cxb4 c3 60. b5 c2 61. Rc1 Rxd6 62. Rxc2 Rd1+ 63.
Kh2 Rb1 64. Rc5 Rb4 65. Kg3 Rxe4 66. b6 Rb4 67. Rc6 Kg6 68. Kf3 Kg5 69. g4
Kh4 70. Ke2 Rb1 0-1

[Event "RUS-CHN Match w Blitz"]
[Site "Sochi RUS"]
[Date "2009.08.23"]
[Round "2"]
[White "Xu Yuhua"]
[Black "Kosintseva,T"]
[Result "0-1"]
[WhiteElo "2485"]
[BlackElo "2539"]
[EventDate "2009.08.23"]

1. e4 e5 2. Nf3 Nc6 3. Bc4 Bc5 4. c3 Nf6 5. d3 a6 6. O-O d6 7. Bb3 Ba7 8.
h3 h6 9. Be3 O-O 10. Nbd2 d5 11. Bxa7 Rxa7 12. Re1 dxe4 13. dxe4 Ra8 14.
Nf1 Qe7 15. Ne3 Rd8 16. Nd5 Qd6 17. Qe2 Ne7 18. Rad1 Nexd5 19. Bxd5 Qe7 20.
Qc4 Rd6 21. Qc5 b6 22. Qa3 Ra7 23. Bc6 Nd7 24. Rxd6 cxd6 25. Rd1 Nc5 26. b4
Ne6 27. c4 Rc7 28. Bd5 Nf4 29. Qb3 Qf6 30. Kh2 Qg6 31. Ne1 Be6 32. Bxe6
Qxe6 33. Rc1 Ne2 0-1

[Event "RUS-CHN Match w Blitz"]
[Site "Sochi RUS"]
[Date "2009.08.23"]
[Round "2"]
[White "Romanko,M"]
[Black "Ju Wenjun"]
[Result "0-1"]
[WhiteElo "2447"]
[BlackElo "2443"]
[EventDate "2009.08.23"]

1. d4 Nf6 2. c4 c5 3. d5 b5 4. cxb5 a6 5. b6 Qxb6 6. Nc3 d6 7. e4 g6 8. Nf3
Bg7 9. Be2 O-O 10. O-O Bd7 11. Nd2 Bb5 12. Nc4 Bxc4 13. Bxc4 Nbd7 14. f4
Qb4 15. Bd3 Rfb8 16. Qe2 Ne8 17. a3 Qb6 18. Bc4 Nc7 19. Kh1 Nb5 20. Nxb5
axb5 21. Bd3 c4 22. Bc2 Nc5 23. h3 Na4 24. Rb1 c3 25. b3 Nc5 26. b4 Nd7 27.
Rb3 Qc7 28. Bd3 Qb6 29. Be3 Qa6 30. Qc2 Rb7 31. Ra1 Qa4 32. Rab1 Nb6 33.
Qe2 Nd7 34. Bc2 Qa6 35. Qd3 Nb6 36. Bd4 Bxd4 37. Qxd4 Rc8 38. Rxc3 Rbc7 39.
Rxc7 Rxc7 40. Bd3 Nc4 41. Bxc4 Rxc4 42. Qd3 Qc8 43. Kh2 Qc7 44. Ra1 Qb6 45.
a4 Rxb4 46. axb5 Rxb5 47. Ra8+ Kg7 48. Qc3+ f6 49. e5 Qf2 50. exd6 exd6 51.
Rc8 Qxf4+ 52. Qg3 Qxg3+ 53. Kxg3 Rxd5 54. Kf3 f5 55. Ke3 Re5+ 56. Kf3 Re7
57. Rd8 Re6 58. g4 Kf6 59. Rd7 h6 60. gxf5 gxf5 61. Rh7 Ke5 62. Rd7 d5 63.
Ke3 Rg6 64. Kf3 Ra6 65. Re7+ Kf6 66. Re2 Ra3+ 67. Kg2 d4 68. Re8 d3 69. Kf3
Ra2 70. Ke3 Re2+ 71. Kxd3 Rxe8 0-1

[Event "RUS-CHN Match w Blitz"]
[Site "Sochi RUS"]
[Date "2009.08.23"]
[Round "2"]
[White "Huang Qian"]
[Black "Gunina,V"]
[Result "1-0"]
[WhiteElo "2424"]
[BlackElo "2437"]
[EventDate "2009.08.23"]

1. d4 d5 2. Nf3 Nf6 3. c4 c6 4. Nc3 dxc4 5. a4 e6 6. e4 Bb4 7. Qc2 b5 8.
Be2 Bb7 9. Bg5 Nbd7 10. O-O a6 11. Rfd1 Qc7 12. Bh4 Be7 13. Bg3 Qb6 14. e5
Nd5 15. Ne4 h6 16. Bh4 g5 17. Bg3 c5 18. Nd6+ Bxd6 19. exd6 cxd4 20. Nxd4
Nf4 21. Bxf4 gxf4 22. Bf3 Bxf3 23. Nxf3 Rc8 24. axb5 axb5 25. Qe4 b4 26.
Qxf4 Qc5 27. Rac1 c3 28. bxc3 bxc3 29. Rc2 Qb5 30. Rdc1 Qd5 31. h3 Qd3 32.
Qa4 Qxd6 33. Rxc3 Rxc3 34. Rxc3 Ke7 35. Qh4+ f6 36. Qg4 Qd1+ 37. Kh2 Qd6+
38. g3 Kf7 39. Qh5+ Kg7 40. Rc4 f5 41. Rc2 Nf6 42. Qh4 Rb8 43. Rd2 Qc5 44.
Qf4 Rb1 45. Re2 Qd5 46. Kg2 Rb7 47. Rd2 Qb5 48. Nd4 Qd5+ 49. Nf3 Qa5 50.
Re2 Qd5 51. Rd2 Qc5 52. Re2 Ne4 53. Nd2 Nc3 54. Re1 Qd5+ 55. Nf3 Ne4 56.
Rc1 Ng5 57. h4 Nf7 58. Re1 Rb3 59. Re3 Rb6 60. Re2 Rc6 61. Rd2 Qb3 62. Ne5
Nd6 63. Nxc6 Ne4 64. Rd7+ Kg6 65. Ne5+ Kh5 66. Qf3+ 1-0

[Event "RUS-CHN Match w Blitz"]
[Site "Sochi RUS"]
[Date "2009.08.23"]
[Round "3"]
[White "Xu Yuhua"]
[Black "Kosintseva,N"]
[Result "1-0"]
[WhiteElo "2485"]
[BlackElo "2482"]
[EventDate "2009.08.23"]

1. e4 c5 2. Nf3 g6 3. d4 Bg7 4. c3 cxd4 5. cxd4 d5 6. e5 Nc6 7. Bb5 Bg4 8.
Bxc6+ bxc6 9. h3 Bxf3 10. Qxf3 e6 11. O-O Ne7 12. Bg5 O-O 13. Rc1 Rc8 14.
Nd2 c5 15. Nb3 c4 16. Nc5 h6 17. Be3 Nf5 18. b3 cxb3 19. axb3 Qe7 20. Ra5
Rc7 21. Rca1 Rfc8 22. b4 Bf8 23. Qe2 Rb8 24. R1a4 Nxe3 25. Qxe3 Qe8 26. Na6
Rcb7 27. Nxb8 Qxb8 28. b5 Qc7 29. Ra1 Kh7 30. Kh2 Be7 31. R5a4 Bg5 32. f4
Be7 33. Rc1 Qd7 34. Rb1 Qc7 35. Qc1 Qd8 36. Ra6 Rc7 37. Rc6 Rb7 38. Qc2 Qa5
39. Ra6 Qd8 40. Rc1 Rxb5 41. Rxa7 Kg7 42. Qc7 Qxc7 43. Rcxc7 Bb4 44. Rxf7+
Kg8 45. Rg7+ 1-0

[Event "RUS-CHN Match w Blitz"]
[Site "Sochi RUS"]
[Date "2009.08.23"]
[Round "3"]
[White "Romanko,M"]
[Black "Huang Qian"]
[Result "0-1"]
[WhiteElo "2447"]
[BlackElo "2424"]
[EventDate "2009.08.23"]

1. d4 Nf6 2. c4 g6 3. Nf3 Bg7 4. g3 O-O 5. Bg2 d6 6. O-O Nbd7 7. Nc3 c6 8.
e4 e5 9. h3 exd4 10. Nxd4 Qc7 11. Re1 a5 12. Be3 Nc5 13. Qc2 Bd7 14. Rad1
Rad8 15. b3 Rfe8 16. f4 Bc8 17. Bf2 Nfd7 18. a3 Na6 19. Kh2 Ndc5 20. Nde2
f5 21. Nd4 fxe4 22. Nxe4 Nxe4 23. Bxe4 Qf7 24. Nf3 Nc5 25. Ng5 Qf8 26. Bxc5
dxc5 27. Nxh7 Kxh7 28. Bxg6+ Kg8 29. Bxe8 Rxe8 30. Qg6 Rxe1 31. Rxe1 Bf5
32. Qe8 Bb2 33. g4 Bd3 34. Qe6+ Qf7 35. f5 Qxe6 36. Rxe6 Kf7 37. Re3 Bb1
38. a4 Bd4 39. Re2 Bd3 40. Rd2 Be4 41. h4 Kf6 42. Kh3 Ke5 43. Re2 Kf4 44.
f6 Bxf6 45. Rf2+ Bf3 46. g5 Bd4 0-1

[Event "RUS-CHN Match w Blitz"]
[Site "Sochi RUS"]
[Date "2009.08.23"]
[Round "4"]
[White "Zhao Xue"]
[Black "Romanko,M"]
[Result "1-0"]
[WhiteElo "2544"]
[BlackElo "2447"]
[EventDate "2009.08.23"]

1. d4 Nf6 2. c4 g6 3. Nc3 Bg7 4. e4 d6 5. Bd3 O-O 6. Nge2 c5 7. d5 e6 8.
O-O Na6 9. Bg5 h6 10. Bh4 g5 11. Bg3 e5 1-0

[Event "RUS-CHN Match w Blitz"]
[Site "Sochi RUS"]
[Date "2009.08.23"]
[Round "4"]
[White "Ju Wenjun"]
[Black "Kosintseva,T"]
[Result "1-0"]
[WhiteElo "2443"]
[BlackElo "2539"]
[EventDate "2009.08.23"]

1. c4 Nf6 2. Nc3 e6 3. e4 Nc6 4. d4 d5 5. cxd5 exd5 6. e5 Ne4 7. Bb5 Bb4 8.
Nge2 O-O 9. O-O Nxc3 10. bxc3 Be7 11. Qc2 f6 12. exf6 Bxf6 13. Bd3 g6 14.
Bh6 Bg7 15. Bxg7 Kxg7 16. Ng3 Qf6 17. f4 Ne7 18. f5 Qg5 19. fxg6 Rxf1+ 20.
Rxf1 hxg6 21. Qf2 Be6 22. h4 Qxh4 23. Nh5+ Qxh5 24. Qf6+ Kh6 25. Qxe6 Qg5
26. Rf7 Ng8 27. Qh3+ Qh5 28. Qe3+ Qg5 29. Rh7+ 1-0

[Event "RUS-CHN Match w Blitz"]
[Site "Sochi RUS"]
[Date "2009.08.23"]
[Round "5"]
[White "Gunina,V"]
[Black "Zhao Xue"]
[Result "0-1"]
[WhiteElo "2437"]
[BlackElo "2544"]
[EventDate "2009.08.23"]

1. d4 Nf6 2. Nf3 e6 3. g3 b5 4. Bg2 Bb7 5. O-O d5 6. c3 Nbd7 7. Bf4 c5 8.
h3 Be7 9. Na3 a6 10. dxc5 Nxc5 11. Nc2 O-O 12. Nfd4 Na4 13. Rb1 Rc8 14. Nb4
Bxb4 15. cxb4 Qe7 16. Bd2 Ne4 17. Be1 e5 18. Nb3 d4 19. f4 f6 20. Qd3 Nd6
21. e4 Rfe8 22. Na5 Ba8 23. Bd2 Nc4 24. Nxc4 bxc4 25. Qa3 Qd7 26. Rbc1 exf4
27. Rxf4 Bb7 28. Kh2 Nb6 29. Qa5 Qb5 30. Rf5 Re5 31. Rxe5 fxe5 32. Bg5 h6
0-1

[Event "RUS-CHN Match w Blitz"]
[Site "Sochi RUS"]
[Date "2009.08.23"]
[Round "5"]
[White "Huang Qian"]
[Black "Kosintseva,T"]
[Result "0-1"]
[WhiteElo "2424"]
[BlackElo "2539"]
[EventDate "2009.08.23"]

1. d4 Nf6 2. Nf3 d5 3. c4 e6 4. Nc3 Bb4 5. Bg5 Nbd7 6. e3 c5 7. a3 Bxa3 8.
bxa3 Qa5 9. Bxf6 Qxc3+ 10. Nd2 Nxf6 11. cxd5 exd5 12. Bb5+ Bd7 13. Rc1 Qxa3
14. Rxc5 Bxb5 15. Rxb5 b6 16. O-O O-O 17. Rb3 Qd6 18. Qe2 a5 19. Rfb1 Rfb8
20. h3 h6 21. Nf3 Ne4 22. Nd2 Nf6 23. Nf3 Nd7 24. Qb5 a4 25. Rc3 Ra5 26.
Qd3 b5 27. Qc2 b4 28. Rc6 Qe7 29. Rc7 Qe8 30. Qc6 Nf6 31. Qc2 b3 32. Qc3
Raa8 33. Nd2 Qb5 34. g4 Ne4 0-1

[Event "RUS-CHN Match w Blitz"]
[Site "Sochi RUS"]
[Date "2009.08.23"]
[Round "6"]
[White "Zhao Xue"]
[Black "Kosintseva,T"]
[Result "1-0"]
[WhiteElo "2544"]
[BlackElo "2539"]
[EventDate "2009.08.23"]

1. d4 Nf6 2. c4 e6 3. Nf3 d5 4. Nc3 Bb4 5. Qa4+ Nc6 6. e3 O-O 7. a3 Bxc3+
8. bxc3 Ne4 9. Qc2 b6 10. cxd5 exd5 11. Bd3 Na5 12. O-O Bb7 13. a4 f5 14.
Ne5 c5 15. dxc5 bxc5 16. c4 Qd6 17. Bb2 Rae8 18. f3 Nf6 19. Qc3 Nc6 20.
Nxc6 Bxc6 21. cxd5 Bxd5 22. Bxf5 Be6 23. Rad1 Qc6 24. Bc2 Rb8 25. Ba3 Rfc8
26. e4 c4 27. Rd6 Qe8 28. Rfd1 Bf7 29. h3 h6 30. R1d4 Nh5 31. Rd2 Nf4 32.
Kh2 Ne6 33. Bb2 Qf8 34. Ba1 Rb7 35. Qe5 Ng5 36. h4 Ne6 37. Rxe6 Bxe6 38.
Qxe6+ Rf7 39. Rd7 Re8 40. Qxc4 1-0

[Event "RUS-CHN Match w Blitz"]
[Site "Sochi RUS"]
[Date "2009.08.23"]
[Round "6"]
[White "Xu Yuhua"]
[Black "Gunina,V"]
[Result "1-0"]
[WhiteElo "2485"]
[BlackElo "2437"]
[EventDate "2009.08.23"]

1. e4 c5 2. Nf3 Nc6 3. Bb5 d6 4. O-O g6 5. Re1 Bd7 6. c3 Bg7 7. d4 cxd4 8.
cxd4 Nf6 9. Nc3 O-O 10. h3 a6 11. Bf1 Rc8 12. Bf4 Qb6 13. Qd2 Rfd8 14. Be3
Na5 15. Rac1 e6 16. Bg5 Bb5 17. Qf4 Nh5 18. Bxd8 Rxd8 19. Qe3 Bxf1 20. Rxf1
Nc4 21. Qe2 Qb4 22. a3 Qb3 23. Nd2 Nxd2 24. Qxd2 b5 25. Ne2 Nf6 26. Ng3 Nd7
27. Qc3 Qa4 28. Qc7 Bf6 29. Qxd6 Nf8 30. Qb4 Bxd4 31. Qxa4 bxa4 32. Rfd1 e5
33. Ne2 Ne6 34. Nxd4 Nxd4 35. Kf1 Rb8 36. Rc4 Rxb2 37. Rxa4 Rb6 38. Rc1 Kg7
39. g3 h5 40. h4 Kf6 41. Kg2 Kg7 42. Rc5 Kf6 43. Rca5 Rb2 44. Rxa6+ Kg7 45.
R6a5 Nc2 46. Rxe5 Ne1+ 47. Kf1 Nd3 48. Rd5 Rxf2+ 49. Kg1 Rf3 50. Kg2 Ne1+
51. Kg1 Nc2 52. Kg2 Ne1+ 53. Kg1 Nc2 54. Rg5 Ne3 55. Ra7 Rf1+ 56. Kh2 Ng4+
57. Kg2 Rf2+ 58. Kg1 Rf3 59. Rc5 Rxg3+ 60. Kf1 Rf3+ 61. Ke1 Re3+ 62. Kd2
Rxe4 63. a4 Ne5 64. a5 Kf6 65. a6 Ra4 66. Kc3 Ke6 67. Kb3 Ra1 68. Rc2 Kd6
69. Ra2 Rb1+ 70. Kc2 Rb8 71. Rb7 Ra8 72. a7 Nd7 73. Kc3 Kc6 74. Rb4 Nb6 75.
Ra6 Rxa7 76. Rxa7 Nd5+ 77. Kc4 Ne3+ 78. Kd3 Nd5 79. Rc4+ Kd6 80. Ra6+ Ke7
81. Re4+ Kf8 82. Kd4 Nc7 83. Rc6 Nb5+ 84. Kc5 Nc3 85. Rf4 Ne2 86. Rf3 Ng1
87. Rf1 Ne2 88. Rcf6 Ke7 89. Rxf7+ Ke6 90. R7f6+ Ke5 91. Rxg6 Ke4 92. Rg5
Nf4 93. Rxf4+ 1-0

[Event "RUS-CHN Match w Blitz"]
[Site "Sochi RUS"]
[Date "2009.08.23"]
[Round "6"]
[White "Kosintseva,N"]
[Black "Ju Wenjun"]
[Result "1-0"]
[WhiteElo "2482"]
[BlackElo "2443"]
[EventDate "2009.08.23"]

1. e4 Nf6 2. e5 Nd5 3. d4 d6 4. Nf3 Nb6 5. c4 dxe5 6. Nxe5 g6 7. Be2 Bg7 8.
O-O O-O 9. Nc3 N8d7 10. Nf3 e5 11. Bg5 f6 12. Be3 f5 13. c5 f4 14. Bc1 exd4
15. Qb3+ Kh8 16. Ne4 Qe7 17. cxb6 Qxe4 18. Re1 Nc5 19. Qa3 cxb6 20. b4 d3
21. Bf1 Qd5 22. Bb2 Ne4 23. Bxg7+ Kxg7 24. Bxd3 Bf5 25. Rad1 Rad8 26. Bc2
Qc6 27. Qb2+ Kh6 28. Nd4 Rxd4 29. Rxd4 Nd6 30. Bxf5 Rxf5 31. Qd2 Nc4 32.
Qd3 b5 33. Qh3+ Kg5 34. Qxh7 Ne5 35. Qh8 Nf7 36. h4+ Kg4 37. Qh7 Ne5 38.
Rd2 Nc4 39. Rd3 Ne5 40. Rh3 f3 41. Rg3+ Kf4 42. Qh6+ g5 43. Rxg5 Qxh6 44.
g3+ 1-0

[Event "RUS-CHN Match w Blitz"]
[Site "Sochi RUS"]
[Date "2009.08.23"]
[Round "7"]
[White "Zhao Xue"]
[Black "Kosintseva,N"]
[Result "0-1"]
[WhiteElo "2544"]
[BlackElo "2482"]
[EventDate "2009.08.23"]

1. d4 Nf6 2. c4 g6 3. Nc3 d5 4. Qb3 dxc4 5. Qxc4 Bg7 6. e4 O-O 7. Be2 b5 8.
Nf3 a6 9. Qd3 Bb7 10. a3 Nbd7 11. Be3 Ng4 12. O-O Nxe3 13. Qxe3 e5 14. d5
Nb6 15. Rfd1 Nc8 16. b4 Nd6 17. a4 bxa4 18. Nxa4 Rb8 19. Nc5 Bc8 20. Qb3
Rb6 21. Nd2 Nb5 22. Bxb5 axb5 23. Ra8 Qd6 24. f3 h5 25. Nf1 h4 26. Rda1 h3
27. g3 Kh7 28. Ne3 Bh6 29. Nd1 c6 30. Nf2 Bg7 31. R8a7 cxd5 32. exd5 e4 33.
Nfxe4 Qe5 34. Rd1 Bf5 35. d6 Rbb8 36. Ng5+ Kh6 37. Nxf7+ Rxf7 38. Rxf7 Qe2
0-1

[Event "RUS-CHN Match w Blitz"]
[Site "Sochi RUS"]
[Date "2009.08.23"]
[Round "7"]
[White "Kosintseva,T"]
[Black "Xu Yuhua"]
[Result "0-1"]
[WhiteElo "2539"]
[BlackElo "2485"]
[EventDate "2009.08.23"]

1. e4 e6 2. d4 d5 3. Nc3 Nf6 4. e5 Nfd7 5. f4 c5 6. Nf3 Nc6 7. Be3 cxd4 8.
Nxd4 Bc5 9. Qd2 O-O 10. O-O-O a6 11. Nb3 Bb4 12. Bd3 b5 13. g4 Na5 14. Bd4
Nc4 15. Qf2 Rb8 16. g5 Re8 17. Qh4 Nf8 18. Rhg1 g6 19. Qf2 a5 20. h4 a4 21.
Nd2 a3 22. b3 Nb2 23. Rdf1 Qc7 24. Ndb1 Bxc3 25. Nxc3 Nxd3+ 26. cxd3 b4 27.
Bc5 bxc3 28. Bd6 Qb6 29. Bxb8 Qxb8 30. h5 Ba6 31. Rg3 c2 32. hxg6 fxg6 33.
Qd4 Rc8 34. f5 gxf5 35. Rh1 Ng6 36. Re3 Qc7 37. Reh3 Qxe5 0-1

[Event "RUS-CHN Match w Blitz"]
[Site "Sochi RUS"]
[Date "2009.08.23"]
[Round "7"]
[White "Shen Yang"]
[Black "Tairova,E"]
[Result "1-0"]
[WhiteElo "2453"]
[BlackElo "2450"]
[EventDate "2009.08.23"]

1. d4 d5 2. c4 c6 3. Nf3 Nf6 4. Nc3 a6 5. c5 Nbd7 6. Bf4 Nh5 7. Bd2 Nhf6 8.
g3 g6 9. Bg2 Bg7 10. O-O O-O 11. Qc2 Nh5 12. e4 dxe4 13. Nxe4 Nhf6 14. Nc3
Re8 15. Rfe1 Nd5 16. Nxd5 cxd5 17. b4 Nf6 18. Qb3 Ne4 19. Be3 e6 20. a4 b6
21. Rac1 bxc5 22. dxc5 e5 23. Nd2 Nxd2 24. Bxd2 Be6 25. b5 axb5 26. axb5 e4
27. Qb4 Ra2 28. b6 Be5 29. c6 Rb2 30. c7 Qf6 31. Qa5 Bd4 32. Rf1 Rxb6 33.
Be3 Rb2 34. Qa4 Qe7 35. Bxd4 Rb4 36. Qa1 Rc4 37. Be5 f5 38. Rb1 Rc8 39. Rb8
Qd7 40. Rxc8+ Qxc8 41. Rb1 Qe8 42. Rb8 Bc8 43. Bf1 Rc2 44. Qd4 Qd7 45.
Rxc8+ Qxc8 46. Qxe4 dxe4 47. Bb5 1-0

[Event "RUS-CHN Match w Blitz"]
[Site "Sochi RUS"]
[Date "2009.08.23"]
[Round "7"]
[White "Ju Wenjun"]
[Black "Romanko,M"]
[Result "1-0"]
[WhiteElo "2443"]
[BlackElo "2447"]
[EventDate "2009.08.23"]

1. d4 f5 2. c4 Nf6 3. g3 e6 4. Bg2 d6 5. Nf3 Be7 6. O-O O-O 7. Nc3 Qe8 8.
Re1 d5 9. Bf4 c6 10. Bxb8 Rxb8 11. a4 Ne4 12. Ne5 b6 13. Qc2 Bb7 14. a5 c5
15. Red1 cxd4 16. Nb5 Bf6 17. Nf3 dxc4 18. Nxa7 b5 19. a6 Bd5 20. Nxd4 Rf7
21. Naxb5 Rxb5 22. Nxb5 Qxb5 23. a7 Ba8 24. Bxe4 fxe4 25. Ra2 g6 26. e3 Kg7
27. Rc1 Qb6 28. Qxc4 Rxa7 29. Rxa7+ Qxa7 30. Qxe6 Qa5 31. Rd1 Qe5 32. Rd7+
Kh6 33. Qf7 1-0

[Event "RUS-CHN Match w Blitz"]
[Site "Sochi RUS"]
[Date "2009.08.23"]
[Round "7"]
[White "Gunina,V"]
[Black "Huang Qian"]
[Result "1-0"]
[WhiteElo "2437"]
[BlackElo "2424"]
[EventDate "2009.08.23"]

1. d4 Nf6 2. c4 g6 3. Nf3 Bg7 4. g3 O-O 5. Bg2 d6 6. O-O Nbd7 7. Nc3 c6 8.
e4 e5 9. h3 Re8 10. Re1 exd4 11. Nxd4 Qc7 12. Be3 a5 13. Qc2 Nc5 14. Rad1
Bd7 15. Kh2 Rad8 16. f4 Bc8 17. Bf2 Nfd7 18. b3 Na6 19. Rd2 Ndc5 20. Red1
Ne6 21. Nf3 Nec5 22. Bd4 f5 23. Bxg7 Qxg7 24. e5 Nb4 25. Qb1 Qe7 26. Rxd6
Be6 27. a3 Nba6 28. Ng5 Bc8 29. b4 axb4 30. axb4 Ne6 31. Nf3 Rxd6 32. exd6
Qg7 33. Ne5 Bd7 34. Na4 Nf8 35. Nb6 Rxe5 36. fxe5 Qxe5 37. b5 cxb5 38. Nxd7
Nxd7 39. Rd5 Qe3 40. Rd3 Qe5 41. Qxb5 Nac5 42. Ra3 f4 43. Qb1 fxg3+ 44. Kh1
Qxd6 45. Qe1 Kg7 46. Rxg3 b6 47. Re3 Nf6 48. Re7+ Kh6 49. Qe3+ g5 50. Qe2
Qd4 51. Qf3 Qd6 52. Re3 Qf4 53. Qxf4 gxf4 54. Re5 Kg6 55. Bf3 Kf7 56. Rf5
Nd3 57. Rb5 Nd7 58. Kg1 Ke7 59. Kf1 N3e5 60. Bd5 Kd6 61. Ke2 h6 62. Kf2 Kc7
63. Rb1 Kd6 64. Rb5 Kc7 65. Ke2 Nc5 66. Rb1 Ncd7 67. Rf1 Ng6 68. Be4 Nge5
69. Bd5 Ng6 70. Rg1 Nde5 71. Be4 Nh4 72. Rg7+ Kd6 73. Bd5 Nf5 74. Rh7 Kc5
75. Rc7+ Kd4 76. Rb7 Kc5 77. Rc7+ Kd4 78. Rb7 Kc5 79. Rc7+ Kd4 80. Rb7 Kc5
81. Kf2 Nd3+ 82. Kf3 Nd4+ 83. Ke4 Nf2+ 84. Kxf4 Nxh3+ 85. Ke5 Nb3 86. Rc7+
Kb4 87. Rc6 Ka5 88. Rxh6 Nf2 89. Kd6 Nd3 90. Kc7 Ne5 91. Rxb6 Ka4 92. Kd6
Nd3 93. Kc6 Nb4+ 94. Kc7 Nd3 95. Kd6 Nbc5 96. Bc6+ Ka3 97. Rb5 Nb3 98. Bd5
Ka4 99. Rb6 Nbc5 100. Kc6 Nb3 101. Rb5 Nd4+ 102. Kb6 Nxb5 103. cxb5 Nb4
104. Be4 Na2 105. Kc5 Nc3 106. b6 Nxe4+ 107. Kd5 Nc3+ 108. Kc6 Nb5 109. b7
Nd4+ 110. Kd5 1-0

[Event "RUS-CHN Match w Blitz"]
[Site "Sochi RUS"]
[Date "2009.08.23"]
[Round "8"]
[White "Kosintseva,N"]
[Black "Xu Yuhua"]
[Result "1-0"]
[WhiteElo "2482"]
[BlackElo "2485"]
[EventDate "2009.08.23"]

1. e4 e6 2. d4 d5 3. Nd2 c5 4. c3 Nc6 5. Ngf3 dxe4 6. Nxe4 cxd4 7. cxd4
Bb4+ 8. Nc3 Nf6 9. Bd3 h6 10. O-O O-O 11. a3 Be7 12. Bc2 Re8 13. Bf4 a6 14.
Qd3 Bf8 15. Rad1 Ne7 16. Ne5 Bd7 17. Rfe1 Bc6 18. Qh3 Bd5 19. Re3 Qb6 20.
b4 Rec8 21. Rg3 Rxc3 22. Rxc3 Nc6 23. Bxh6 Nxd4 24. Be3 Ne2+ 25. Kf1 Qd6
26. Ng4 Ne4 27. Bxe4 1-0

[Event "RUS-CHN Match w Blitz"]
[Site "Sochi RUS"]
[Date "2009.08.23"]
[Round "9"]
[White "Kosintseva,T"]
[Black "Ju Wenjun"]
[Result "0-1"]
[WhiteElo "2539"]
[BlackElo "2443"]
[EventDate "2009.08.23"]

1. e4 Nf6 2. e5 Nd5 3. d4 d6 4. Nf3 Nb6 5. Be2 dxe5 6. Nxe5 g6 7. O-O Bg7
8. Bf4 O-O 9. Nc3 c6 10. Qd2 N8d7 11. Nxd7 Bxd7 12. Bh6 Bxh6 13. Qxh6 Bf5
14. Qd2 e5 15. Rad1 exd4 16. Qf4 c5 17. Ne4 Bxe4 18. Qxe4 Re8 19. Qf3 Qd5
20. Qxd5 Nxd5 21. Bf3 Rad8 22. c3 Nf4 23. cxd4 Rxd4 24. Rxd4 cxd4 25. g3
Ne6 26. Bxb7 Rb8 27. Bd5 Rxb2 28. Rd1 Rb4 29. Re1 d3 30. Bb3 Nc5 31. Bd5
Rd4 32. Bf3 d2 33. Re8+ Kg7 34. Bd1 Re4 35. Rxe4 Nxe4 36. Kf1 0-1

[Event "RUS-CHN Match w Blitz"]
[Site "Sochi RUS"]
[Date "2009.08.23"]
[Round "9"]
[White "Huang Qian"]
[Black "Kosintseva,N"]
[Result "1-0"]
[WhiteElo "2424"]
[BlackElo "2482"]
[EventDate "2009.08.23"]

1. d4 Nf6 2. Nf3 d5 3. c4 e6 4. Nc3 Bb4 5. cxd5 exd5 6. Bg5 Nbd7 7. Rc1 c6
8. e3 h6 9. Bh4 O-O 10. a3 Bxc3+ 11. Rxc3 g5 12. Bg3 Ne4 13. Rc1 Ndf6 14.
Bd3 Bf5 15. O-O Qe7 16. Be5 Nd7 17. Bg3 f6 18. Bb1 Nb6 19. Nd2 Nxg3 20.
hxg3 Bxb1 21. Rxb1 Kg7 22. Qc2 Nc8 23. e4 dxe4 24. Nxe4 Nd6 25. Nc5 Qf7 26.
Rfe1 Rfe8 27. Ne4 Nxe4 28. Rxe4 Rxe4 29. Qxe4 Re8 30. Qf5 Qe6 31. Qc5 a6
32. Rd1 Rd8 33. Qb4 Rd7 34. Re1 Qf7 35. Re4 Qf8 36. Qc4 Qd8 37. Qc5 Qf8 38.
Qc4 Qf7 39. Qb4 Qf8 40. Qc4 Qd6 41. Re6 Qf8 42. Re4 Rd6 43. Qb4 Rd7 44. Qc4
Qd8 45. Qc5 Kg6 46. Qc2 Kg7 47. Qc5 Rd6 48. Qb4 Qd7 49. Qe1 Kf7 50. Qe3 Qd8
51. Qb3+ Kg6 52. Qxb7 Rxd4 53. Rxd4 Qxd4 54. Qxc6 Qxb2 55. Qxa6 Qc1+ 56.
Kh2 Qd2 57. Qb6 Qc2 58. Qd4 h5 59. a4 Qa2 60. Qd3+ Kg7 61. Qd7+ Kg6 62.
Qd3+ Kg7 63. Qd4 Kg6 64. Qe4+ Kg7 65. Qb7+ Kg6 66. Qe4+ Kg7 67. Qd4 Kg6 68.
f3 Qa3 69. Qe4+ Kg7 70. Qc4 Qa1 71. Qc7+ Kg6 72. a5 h4 73. gxh4 gxh4 74.
Qc2+ Kg7 75. Qc5 Qa4 76. Qc7+ Kg6 77. Kh3 Qd1 78. Kh2 Qa4 79. Kh3 Qb4 80.
a6 Qa3 81. a7 Qa1 82. Kh2 Kh6 83. Qf4+ Kh5 84. Qf5+ Kh6 85. Qf4+ Kh5 86.
Qg4+ Kh6 87. Qf4+ Kh5 88. Qc7 Kg5 89. Qc5+ f5 90. Qe3+ Kg6 91. Qe6+ Kg5 92.
Qg8+ Kf4 93. a8=Q 1-0